LEADER 01145nam a2200253 i 4500 001 000000252840 003 CaOOAMICUS 005 20221007084522.0 008 170209s1762 it u000 u lat u 013 $a231745 026 $ausn- o-ia nsl- prSa (3) 1762 (R) 040 $aSeMil$bita 100 1 $aSilva, Antonio .$0(OLS)http://semarc/name/83478 245 13$aDe marchione Angelo Aloysio Mirabilia de Mantegatiis epistola ab Antonio de Sylva v.i.c. et advocato Mediolanense data ad amicum. 260 $aMediolani :$bApud Joseph Galeatium,$c1762. 300 $a46, [2] p. ;$c4º. 500 $aIniz. xilogr. 500 $aSegn.: A-F4 700 1 $aGaleazzi, Giuseppe,$c.$0(OLS)http://semarc/name/2995 850 $aSeMil 852 $aSeMil$W1$xVenegono$y1$m3O IV 54 FA$j203186$B203186$CSeMilBibl$Z2$F215898 $8I 996 $6245$aDe marchione Angelo Aloysio Mirabilia de Mantegatiis epistola ab Antonio de Sylva v.i.c. et advocato Mediolanense data ad amicum$9(OLS)http://semarc/title/410198 996 $6260$aMediolani :$bApud Joseph Galeatium$9(OLS)http://semarc/publisher/54468 LEADER 01186nam a2200265 i 4500 001 000000124874 003 CaOOAMICUS 005 20061113000000.0 008 061113s1995 it u000 u ita u 013 $a97571 020 $a88-7119-795-X 040 $aSeMil$bita 100 1 $aRomano, Bruno.$0(OLS)http://semarc/name/51897 245 10$aCritica della ragione procedurale :$blogos e nomos : Teubner, Luhmann, Habermas discussi con Heidegger e Lacan /$cBruno Romano. 260 $aRoma :$bBulzoni,$ccopyr. 1995. 300 $a326 p. ;$c25 cm. 500 $aSul front. : 1994-1995. 650 4$aFilosofia del diritto.$0(OLS)http://semarc/subject/2001 650 4$aRagione procedurale.$0(OLS)http://semarc/subject/24188 850 $aSeMil 852 $aSeMil$W1$xVenegono$y1$m3L IV 4$j79389$B79389$CSeMilBibl$Z2$F113941 $81 961 $aAcquisto: L.S. srl 996 $6020$a88-7119-795-X$9(OLS)http://semarc/number/110701 996 $6245$aCritica della ragione procedurale :$blogos e nomos : Teubner, Luhmann, Habermas discussi con Heidegger e Lacan$9(OLS)http://semarc/title/183820 996 $6260$aRoma :$bBulzoni$9(OLS)http://semarc/publisher/30302